Race and manifest destiny : the origins of American racial anglo-saxonism /

Bibliographic Details
Main Author: Horsman, Reginald
Format: Book
Language:English
Published: Cambridge, Mass. : Harvard University Press, 1981.
Subjects:

MARC

Tag First Indicator Second Indicator Subfields
LEADER 00000pam a2200000 a 4500
001 in00000071280
005 20151008062136.0
008 810407s1981 mau b 00110 eng
010 |a  81004293  
020 |a 0674745728 
035 |a (OCoLC)07459795 
035 |9 AAJ9608AM 
039 0 |a 2  |b 3  |c 3  |d 3  |e 3 
040 |a DLC  |c DLC  |d TXA  |d UtOrBLW 
043 |a n-us---  |a e-uk--- 
049 |a TXAM  |c [800460] 
050 0 0 |a E179.5  |b .H69 
082 0 |a 305.8/00973  |2 19 
100 1 |a Horsman, Reginald. 
245 1 0 |a Race and manifest destiny :  |b the origins of American racial anglo-saxonism /  |c Reginald Horsman. 
264 1 |a Cambridge, Mass. :  |b Harvard University Press,  |c 1981. 
300 |a 367 pages ;  |c 24 cm. 
336 |a text  |b txt  |2 rdacontent 
337 |a unmediated  |b n  |2 rdamedia 
338 |a volume  |b nc  |2 rdacarrier 
504 |a Includes bibliographical references and index. 
650 0 |a Racism  |z United States. 
650 0 |a Racism  |z Great Britain. 
651 0 |a United States  |x Territorial expansion. 
999 |a MARS 
999 f f |s 17f57205-e85d-3ea3-a63c-7ffc84df0e3b  |i 756e37ca-9da2-38b7-bdb6-eb1981786404  |t 0 
952 f f |p normal  |a Texas A&M University  |b College Station  |c Sterling C. Evans Library  |d Evans: Library Stacks  |t 0  |e E179.5 .H69  |h Library of Congress classification  |i unmediated -- volume  |m A14806105334 
952 f f |p normal  |a Texas A&M University  |b Galveston Campus  |c Jack K. Williams Library  |d Galveston Stacks  |t 0  |e E179.5 .H69  |h Library of Congress classification  |i unmediated -- volume  |m 33620000005443 
998 f f |a E179.5 .H69  |t 0  |l Evans: Library Stacks 
998 f f |a E179.5 .H69  |t 0  |l Galveston Stacks